Score 0/55 Timer 06:00
31 Plays Today
% Correct
New York
90.2%
Chicago
89.8%
Los Angeles
88.2%
Houston
82.8%
Atlantic
80.2%
Dallas
79.9%
Pacific
79.8%
Kaua'i
79.5%
Arctic
78.2%
Moloka'i
77.6%
Philadelphia
77.3%
England
77.2%
Indian
76.5%
Hawai'i
76.5%
Wales
76.5%
Everest
76.3%
Scotland
75.8%
San Diego
75.4%
Kilimanjaro
75.2%
O'ahu
75%
Lāna'i
74.7%
Estonia
72.6%
Finland
72.2%
Maui
71.5%
Latvia
71.1%
Ni'ihau
70.5%
Lithuania
70.2%
Northern Ireland
69.4%
% Correct
Vatican City
69.1%
Liechtenstein
68.9%
Russia
68.1%
Phoenix
68.1%
Kaho'olawe
67.5%
Denmark
65.1%
Andorra
64.5%
Southern
64.3%
Monaco
62.9%
Poland
62.9%
Sweden
62%
San Antonio
61.7%
Germany
61.6%
San Marino
60.8%
Kenya
58.1%
Indonesia
56%
Malaysia
55.6%
Tanzania
55.2%
Denali
54.4%
Brunei
54.1%
Vinson Massif
53.4%
Malta
48.8%
Nepal
48%
San Jose
47.8%
Aconcagua
45.7%
Elbrus
38.7%
Carstensz Pyramid
32.3%
Remove Ads.
Support Sporcle.
Get the best of Sporcle when you Go Orange. This ad-free experience offers more features, more stats, and more fun while also helping to support Sporcle. Thank you for becoming a member.

You're not logged in!

Compare scores with friends on all Sporcle quizzes.
OR
Log In

Show Comments

Extras

Top Quizzes Today


Score Distribution

Your Account Isn't Verified!

In order to create a playlist on Sporcle, you need to verify the email address you used during registration. Go to your Sporcle Settings to finish the process.

Report this User

Report this user for behavior that violates our Community Guidelines.

Details: